Online Catalogue and eLibrary

Made To Order: (Record no. 1473)

MARC details
000 -LEADER
fixed length control field 00535nam a2200205Ia 4500
005 - DATE AND TIME OF LATEST TRANSACTION
control field 20250127055212.0
008 - FIXED-LENGTH DATA ELEMENTS--GENERAL INFORMATION
fixed length control field 240331s9999 xx 000 0 und d
020 ## - INTERNATIONAL STANDARD BOOK NUMBER
ISBN 0080349536
082 ## - DDC Classification
Item Number - Author Mark SPA
DDC Edition Number 3561
Class No. 304.63
245 #0 - TITLE STATEMENT
Title Made To Order:
Remainder of title The Myth of Reproductive and Genetic Progress
260 ## - PUBLICATION, DISTRIBUTION, ETC.
Place of publication, distribution, etc. Oxford
Name of publisher, distributor, etc. Pergamon Press
Date of publication, distribution, etc. 1987
300 ## - PHYSICAL DESCRIPTION
Extent (e.g. Volumes, Pages etc.) x, 255 p.,
650 ## - SUBJECT ADDED ENTRY--TOPICAL TERM
Topical term or geographic name entry element Reproduction
650 ## - SUBJECT ADDED ENTRY--TOPICAL TERM
Topical term or geographic name entry element Genetics
650 ## - SUBJECT ADDED ENTRY--TOPICAL TERM
Topical term or geographic name entry element Myths
650 ## - SUBJECT ADDED ENTRY--TOPICAL TERM
Topical term or geographic name entry element Feminism
700 ## - ADDED ENTRY--PERSONAL NAME
Personal name Spallone, P
Relator term (Role) Editor
700 ## - ADDED ENTRY--PERSONAL NAME
Personal name Steinberg, D. L
Relator term (Role) Editor
942 ## - Koha item type (Biblio)
Koha item type Books in Stacks (Lending)
Holdings
Lost status Damaged status Collection code Home library Current library Shelving location Date acquired Full call number Accession Number Item type
    Lending WERC Library WERC Library Social Science Cupboard 03/31/2024 304.63 MAD 3561 Books in Stacks (Lending)

© WERC Library